1073 1678 1517 1942 1640 1010 1854 1901 1691 1127 1400 1809 1053 1975 1426 1594 1432 1065 1464 1014 1113 1262 1078 1359 1333 1807 1294 1361 1045 1494 1590 1972 1359 1971 1043 1928 1010 1123 1352 1860 1970 1418 1282 1612 1114 1799 1193 1726 1807 1375 1683 1006 1493 1784 1613 1531 1309 1846 1728 1919 1564 1548 1487 1309 1971 1142 1988 1347 1279 1325 1774 1474 1805 1675 1778 1376 1311 1097 1197 1091 1090 1822 1383 1558 1300 1554 1739 1157 1348 1076 1427 1466 1375 1536 1971 1741 1863 1138 1732 BCNSPRNW ULIB Ver.6.0+V

เปลี่ยนเป็นภาษาไทย

Change to English
 แสดงรายละเอียดบรรณานุกรม
  กลับหน้าหลัก

Brief Record : Get Marc (ISO 2709) : E-mail record : QR code < ปิดหน้าต่าง
LEADER : 00000nam 2200000uu 4500
001    13399112085
003     ULIB
008    110726s2540||||th 000 0 tha d
020    9745847852
050  4 BF637.C6^bบ895ค 2540
100 1  แบรี่, จีน
245 10 คู่มือการฝึกทักษะให้การปรึกษา =^bTraining handbook for counselling skills /^cจีน แบรี่
246 31 Training handbook for counselling skills
250    พิมพ์ครั้งที่ 4
260    กรุงเทพฯ :^b21 เซ็นจูรี่,^c2540
300    80 หน้า ;^c21 ซม.
650  4 การแนะแนว
650  4 การให้คำปรึกษา
945    ^p0^l0^i029121
995    ทศพร
999 ^a ทศพร
รายการนี้ยังไม่มีแท็ก
คุณยังไม่ได้ล็อกอิน คุณสามารถมีกิจกรรมร่วมกับเว็บไซต์ได้ แต่ต้องล็อกอินก่อน ::
  ล็อกอิน

รายการสื่อสารสนเทศ

ลำดับที่ ประเภท เลขเรียก/บาร์โค้ด สถานที่ สถานะ
- ไม่พบข้อมูล -

รายการใกล้เคียง
    หัวเรื่อง [การแนะแนว]
    หัวเรื่อง [การให้คำปรึกษา]

BibComment


ยังไม่เคยถูกคอมเมนท์

คอมเมนท์ทรัพยากรรายการนี้
  คอมเมนท์: คู่มือการฝึกทักษะ..


 Copyright 2026. Bcnsprnw @Library